| 000 | 01231 a2200301 4500 | ||
|---|---|---|---|
| 005 | 20160219115004.0 | ||
| 008 | 160219s2015 ck ||||fr|||| 001 0 spa d | ||
| 020 | _a9789588866918 | ||
| 040 |
_aCO-BoUCM _bspa _cSaul Niño _dSaul Niño |
||
| 041 | 0 | _aspa | |
| 100 |
_aCeballos, Miguel _975655 |
||
| 245 | 1 | 0 |
_aPlan decenal de cultura 2016 - 2026 del departamento de Cundinamarca _cMiguel Antonio Ceballos Arévalo ... [y otros.] |
| 260 |
_c2015 _bUniversidad Sergio Arboleda _aBogotá (Colombia) |
||
| 300 | _a141 páginas | ||
| 490 | 0 | _aInvestigación | |
| 504 | _aIncluye referencias bibliográficas e índices | ||
| 650 | 7 |
_921936 _aPolítica cultural _y2016-2026 _zColombia |
|
| 650 | 7 |
_921639 _aPlanificación cultural _y2016-2026 _zColombia |
|
| 651 |
_aCundinamarca (Colombia) _xPolítica social _xInvestigaciones _975656 |
||
| 690 | 0 |
_aSociología _9386 |
|
| 700 | 1 |
_aCeballos Arévalo, Miguel Antonio _975657 |
|
| 700 | 1 |
_aQuiñones Valero, Antonio _975658 |
|
| 700 | 1 |
_aCastro Agudelo, Santiago José _957187 |
|
| 700 | 1 |
_aManrique Zuluaga, Viviana _975659 |
|
| 700 | 1 |
_aGonzález Quintero, Rodrigo _975660 |
|
| 942 |
_2DEWEY _cLIBRO _a5 _e1 _h306.08968861 _mP699pl |
||
| 999 |
_c302689 _d302689 |
||